[Event "IECG RA.2002.0.00012"]
[Site "IECG email"]
[Date "2002.06.04"]
[Round "?"]
[White "Muller, Henry"]
[Black "Marfia, Jim"]
[Result "1/2-1/2"]
[WhiteElo "2093"]
[BlackElo "2062"]
[PlyCount "88"]
[EventDate "2002.06.04"]
[EventType "tourn (corr)"]
[EventRounds "6"]
[SourceTitle "Corr 2008"]
[Source "ChessBase"]
[SourceDate "2008.06.24"]
[SourceVersion "1"]
[SourceVersionDate "2008.06.24"]
[SourceQuality "1"]

1. e4 c5 2. Nf3 Nc6 3. d4 cxd4 4. Nxd4 g6 5. Nc3 Bg7 6. Be3 Nf6 7. Bc4 0-0 8. Bb3 a5 9. 0-0 a4 10. Nxa4 Nxe4 11. Nb5 Ra6 12. Qe2 d6 13. c4 Bf5 14. Rad1 Qa5 15. f3 Nf6 16. Bd2 Qd8 17. c5 Re8 18. Bc3 Na5 19. Bc2 Bxc2 20. Qxc2 Nc4 21. Rfe1 Qd7 22. Bxf6 Qxb5 23. Bxg7 Kxg7 24. b3 Ne5 25. Qc3 f6 26. cxd6 Rxd6 27. Nc5 Qb6 28. Kh1 Red8 29. Rxd6 Rxd6 30. b4 Qc6 31. Qe3 b6 32. f4 Nf7 33. Ne6+ Kg8 34. h3 Qc4 35. f5 Qc2 36. Nd4 Qxa2 37. Qxe7 Rxd4 38. Qxf6 Re4 39. Ra1 Qd5 40. fxg6 hxg6 41. Qxg6+ Kf8 42. Qxb6 Re2 43. Qc5+ Qxc5 44. bxc5 Rc2 1/2-1/2

[Event "IECG RB.2002.0.00010"]
[Site "IECG email"]
[Date "2002.02.28"]
[Round "?"]
[White "Seiler, Peter"]
[Black "Marfia, Jim"]
[Result "1/2-1/2"]
[WhiteElo "1990"]
[BlackElo "1999"]
[PlyCount "53"]
[EventDate "2002.02.28"]
[EventType "tourn (corr)"]
[EventRounds "6"]
[SourceTitle "Corr 2008"]
[Source "ChessBase"]
[SourceDate "2008.06.24"]
[SourceVersion "1"]
[SourceVersionDate "2008.06.24"]
[SourceQuality "1"]

1. d4 Nf6 2. Bf4 g6 3. e3 Bg7 4. Bd3 0-0 5. Nf3 d6 6. c3 c5 7. Nbd2 Nc6 8. Bg3 Qd7 9. 0-0 b6 10. Qe2 Bb7 11. Rfd1 cxd4 12. exd4 Nh5 13. Nf1 e6 14. Ba6 Bxa6 15. Qxa6 d5 16. Re1 Nxg3 17. Nxg3 Rab8 18. a4 f6 19. Rad1 Rfe8 20. Qb5 Rbc8 21. Nf1 Qd6 22. Ne3 Red8 23. h3 Rc7 24. Re2 Re7 25. Red2 Qd7 26. Re1 Ree8 27. Red1 1/2-1/2